| 000 | 00499nam a2200205 a 4500 | ||
|---|---|---|---|
| 003 | AR-BaBNM | ||
| 005 | 20251128204652.0 | ||
| 008 | 082120s2002 ||||||||||||||000 | spa|| | ||
| 040 | _cAR-BaBNM | ||
| 100 | 1 | _aDornbusch, Rudiger | |
| 245 | 0 | 0 | _aMacroeconomía |
| 250 | _a4ª ed. | ||
| 260 |
_aMadrid _bMcGraw-Hill _c1990 |
||
| 300 | _a839 p. | ||
| 700 | 1 | _aFischer, Stanley | |
| 700 | 1 |
_aGarcía-Pardo, Jimena _etraductor |
|
| 700 | 1 |
_aOjeda, Alonso _etraductor |
|
| 942 | _cBK | ||
| 998 | _cJuan | ||
| 999 |
_c8321 _d8321 |
||